LEADER 01445nam a2200289 4500 001 000000348977 003 CaOOAMICUS 005 20211223111134.0 008 211223s2020 it 000 u ita r 020 $a978-88-10-10219-0 040 $aSeMil$bita 100 1 $aNeuhold, David.$0(OLS)http://semarc/name/115238 240 10$aMission und Kirche, Geld und Nation.$0(OLS)http://semarc/title/438467 245 10$aMissione e Chiesa, denaro e nazione :$bquattro prospettive su Léon Dehon, fondatore dei Sacerdoti del Sacro Cuore di Gesù /$cDavid Neuhold ; traduzione di Stefano Zamboni ; revisione di Angelo Arrighini. 264 1$aBologna :$bEDB,$c2020. 300 $a475 p. ;$c21 cm 490 1 $aFede e storia 600 14$aDehon, Leon.$0(OLS)http://semarc/subject/8037 700 1 $aZamboni, Stefano,$d<1974- >.$0(OLS)http://semarc/name/45509 700 1 $aArrighini, Angelo.$0(OLS)http://semarc/name/115239 830 0$aFede e storia.$0(OLS)http://semarc/title/11439 850 $aSeMil 852 $aSeMil$W1$xVenegono$y1$m3G III 437$j230997$B240055$CSeMilBibl$Z2$F240055 $81 996 $6020$a978-88-10-10219-0$9(OLS)http://semarc/number/294929 996 $6245$aMissione e Chiesa, denaro e nazione :$bquattro prospettive su Léon Dehon, fondatore dei Sacerdoti del Sacro Cuore di Gesù$9(OLS)http://semarc/title/438468 996 $6264$aBologna :$bEDB$9(OLS)http://semarc/publisher/29669 LEADER 01251nam a2200277 i 4500 001 000000189831 003 CaOOAMICUS 005 20100519000000.0 008 100519s1942 it u000 u ita u 013 $a168143 040 $aSeMil$bita 100 0 $aGabriele : di S. Maria Maddalena,$c.$0(OLS)http://semarc/name/8082 245 10$aS. Giovanni della Croce :$bdirettore spirituale /$cP. Gabriele di S. M. Maddalena. 260 $aFirenze :$bLibreria Editrice Fiorentina,$c1942. 300 $a183 p. ;$c20 cm. 490 0 $aSpiritualità Teresiana 490 0 $aVita cristiana ;$v18 600 04$aGiovanni : della Croce .$0(OLS)http://semarc/subject/7848 650 4$aPreghiera - Contemplazione.$0(OLS)http://semarc/subject/1696 650 4$aDio.$0(OLS)http://semarc/subject/4429 830 0$aSpiritualità Teresiana.$0(OLS)http://semarc/title/9735 830 0$aVita cristiana ;$v18.$0(OLS)http://semarc/title/7522 850 $aSeMil 852 $aSeMil$W1$xVenegono$y1$m3H II 188$j140462$B140462$CSeMilBibl$Z2$F152080 $81 996 $6245$aS. Giovanni della Croce :$bdirettore spirituale$9(OLS)http://semarc/title/273370 996 $6260$aFirenze :$bLibreria Editrice Fiorentina$9(OLS)http://semarc/publisher/30629